00560nam a2200181 a 4500001001300000003000900013005001700022008004100039020002700080082001900107100001700126245006300143260004900206300000900255500003500264505005200299650002700351nice12345678IN_TiNIC20260116013729.0050524s1994 alba grp 000 0 eng  a0791443 c1121.2500a398.20951bLIS aLi, Shujiang aMythology and Folklore of the Hui, a Muslim Chinese People aAlbany bState University of New York c1994 a459p aincludes index and biblioraphy2 aSelrcted Bibliography, Abbreviation, Commentary aMuslims-China-Folklore